Auszeichnung Vorbildlicher Bauten in Hamburg /

Gespeichert in:
Bibliographische Detailangaben
Weitere Verfasser: Meister, Cäsar (dirección) (dirección)
Format: Buch
Sprache:German
Veröffentlicht: Hamburgo, Alemania : Bauzentrum, 1971
Tags: Tag hinzufügen
Keine Tags, Fügen Sie das erste Tag hinzu!

MARC

LEADER 00000nam^a2200000^a^4500
001 000554935
005 20250526000000.0
009 20260310131709.081
037 |a Acervo ITESO - Biblioteca 
041 |a ALE 
091 |a FHA. 00771 
245 0 0 |a Auszeichnung Vorbildlicher Bauten in Hamburg / 
264 1 |a Hamburgo, Alemania :  |b Bauzentrum,  |c 1971 
300 |a 60 p. ;  |c 29.5 cm. 
336 |a texto  |b txt  |2 rdacontenido 
337 |a sin mediación  |b n  |2 rdamedio 
338 |a volumen  |b nc  |2 rdasoporte 
515 |a Inventario familia Hartung: 1003 
649 |a XX 
700 |a Meister, Cäsar  |e (dirección) 
910 |a Fondo Horst Hartung Franz 
920 |a Impresos - Libros 
930 |a Libros Antiguos y Raros 
905 |a 135 
901 |a 0500332582  |b IT2  |c LRA  |i D  |u 20250526 
902 |a https://opac.biblio.iteso.mx/vufind/Record/000554935